Film dont le titre commence par un S (2) - Statistiques

Statistiques générales
  • Ce quiz a été pris 7 fois
  • Le résultat moyen est 5 sur 30
Statistiques - réponses
Année Réalisateur Genre 1 acteur ou
1 actrice
Titre % Correct
1977 George Lucas Science fiction Mark Hamill Star Wars
86%
2015 Ridley Scott Science fiction Matt Damon Seul sur Mars
71%
1960 Stanley Kubrick Peplum Kirk Douglas Spartacus
71%
1995 Clint Eastwood Comédie dramatique Meryl Streep Sur la route de Madison
71%
1996 Wes Craven Epouvante Neve Campbell Scream
43%
1989 David Lynch Comédie dramatique Laura Dern Sailor et Lula
29%
1979 Alain Corneau Drame psychologique Patrick Dewaere Série noire
29%
1953 Sacha Guitry Historique Jean Marais Si Versailles m'était conté
29%
1996 René Manzor Policier Jean Reno Seven
14%
2016 Tommy Wirkola Science fiction Noomi Rapace Seven Sisters
14%
1969 Gilles Grangier Drame Jean Gabin Sous le signe du taureau
14%
1974 Alain Resnais Politique Jean-Paul Belmondo Stavisky
14%
2014 Dany Boon Comédie Kad Merad Supercondriaque
14%
1971 Serge Korber Comédie Louis de Funès Sur un arbre perché
14%
2009 Olivier Barroux Comédie Kad Merad Safari
0%
1960 Sergio Grieco Peplum Jeanne Valerie Salammbo
0%
1973 Yves Robert Comédie Marcello Mastroianni Salut l'artiste
0%
1969 Federico Fellini Historique Martin Potter Satyricon
0%
1993 Simon Wincer Aventures Jason James Richter Sauvez Willy
0%
1956 Pierre Chenal Policier Maurice Ronet Section des disparus
0%
1921 Max Linder Comédie Max Linder Sept ans de malheur
0%
1955 Billy Wilder Comédie Marilyn Monroe Sept ans de réflexion
0%
1975 Jacques Rouffio Drame psychologique Michel Piccoli Sept morts sur ordonnance
0%
1962 Luciano Ricci Peplum Lang Jeffries Seul contre Rome
0%
1998 John Madden Comédie dramatique Joseph Fiennes Shakespeare in love
0%
1956 Christian-Jaque Aventures Jean-Louis Trintignant Si tous les gars du monde
0%
1961 Luis Lucia Musical Luis Mariano Sous le ciel d'Andalousie
0%
1997 Jim Gillespie Epouvante Jennifer Love Hewitt Souviens toi l'été dernier
0%
1994 David Carson Science fiction Patrick Stewart Star Trek Générations
0%
1996 Jonathan Frakes Science fiction Patrick Stewart Star Trek Premier contact
0%
Aucun quiz correspondant
Distribution des résultats
% des personnes avec chaque résultat
Percentile par nombre de réponses
Votre historique - résultats
Vous n’avez pas pris ce quiz